[Event "Mittelfrank Regionalliga Sud-Ost 2122"]
[Site "Mittelfranken"]
[Date "2022.06.26"]
[Round "3.5"]
[White "Neuwerth, Chulian"]
[Black "Astner, Sebastian"]
[Result "0-1"]
[WhiteElo "1931"]
[BlackElo "1939"]
[PlyCount "68"]
[EventDate "2021.10.24"]
[EventType "team-tourn"]
[EventRounds "9"]
[EventCountry "GER"]
[SourceTitle "EXT 2024"]
[Source "ChessBase"]
[SourceDate "2023.10.10"]
[SourceVersion "1"]
[SourceVersionDate "2023.10.10"]
[SourceQuality "1"]
[WhiteTeam "Ortenburg"]
[BlackTeam "Ergolding"]
[WhiteTeamCountry "GER"]
[BlackTeamCountry "GER"]

1. c4 e5 2. g3 Nc6 3. Bg2 f5 4. Nc3 Nf6 5. e3 Be7 6. Nge2 0-0 7. 0-0 d6 8. d4 Qe8 9. a3 Qh5 10. b4 Ng4 11. h3 Nf6 12. f4 e4 13. d5 Nb8 14. Nb5 Bd8 15. Bb2 Bd7 16. Nbd4 c6 17. Nc3 Qf7 18. Qb3 Bb6 19. Rfd1 Qg6 20. Kh2 Qh5 21. c5 dxc5 22. dxc6+ Kh8 23. bxc5 Nxc6 24. cxb6 Ng4+ 25. Kg1 Nxe3 26. Rd2 Nxg2 27. Kxg2 Nxd4 28. Rxd4 Qf3+ 29. Kh2 Qf2+ 30. Kh1 Bc6 31. Nd5 e3 32. Bc3 Rad8 33. Rad1 e2 34. R1d3 Rfe8 0-1

[Event "Niederbayern-ch"]
[Site "Ortenburg"]
[Date "2019.04.26"]
[Round "3"]
[White "Woitylak, Steffen"]
[Black "Neuwerth, Chulian"]
[Result "1/2-1/2"]
[WhiteElo "2028"]
[BlackElo "1939"]
[PlyCount "32"]
[EventDate "2019.04.25"]
[EventType "swiss"]
[EventRounds "7"]
[EventCountry "GER"]
[SourceTitle "EXT 2023"]
[Source "ChessBase"]
[SourceDate "2022.10.05"]
[SourceVersion "1"]
[SourceVersionDate "2022.10.05"]
[SourceQuality "1"]

1. Nf3 Nf6 2. d4 d5 3. e3 Bf5 4. Bd3 Bg6 5. 0-0 e6 6. b3 Bd6 7. c4 c6 8. Nc3 Ne4 9. Qc2 Nxc3 10. Qxc3 a5 11. Qc2 a4 12. Bd2 Nd7 13. c5 Bc7 14. h3 Bh5 15. Be2 Bg6 16. Bd3 Bh5 1/2-1/2

[Event "Pfarrkirchen Rottal op 2nd"]
[Site "Pfarrkirchen"]
[Date "2018.04.02"]
[Round "6"]
[White "Neuwerth, Chulian"]
[Black "Pappenheim, Rainer"]
[Result "0-1"]
[WhiteElo "1864"]
[BlackElo "2029"]
[PlyCount "108"]
[EventDate "2018.03.30"]
[EventType "swiss"]
[EventRounds "7"]
[EventCountry "GER"]
[SourceTitle "CBM 183 Extra"]
[Source "ChessBase"]
[SourceDate "2018.04.19"]
[SourceVersion "1"]
[SourceVersionDate "2018.04.19"]
[SourceQuality "1"]

1. c4 Nf6 2. g3 g6 3. Bg2 Bg7 4. e4 d6 5. Ne2 0-0 6. 0-0 c5 7. Nbc3 Nc6 8. d3 a6 9. Rb1 Rb8 10. Bd2 b5 11. b3 Ng4 12. f4 Nb4 13. h3 Nh6 14. a3 Nc6 15. Kh2 b4 16. axb4 Nxb4 17. Nd5 Nxd5 18. exd5 Nf5 19. g4 Nd4 20. Nxd4 Bxd4 21. f5 e6 22. Bh6 exf5 23. Bxf8 Kxf8 24. gxf5 Bxf5 25. Rxf5 gxf5 26. Qh5 Qf6 27. Qxh7 Rxb3 28. Rf1 Qe5+ 29. Kh1 Rxd3 30. Qxf5 Qxf5 31. Rxf5 a5 32. Rf3 Rd1+ 33. Rf1 Rxf1+ 34. Bxf1 a4 35. Bd3 a3 36. Bb1 Ke7 37. Kg2 Kf6 38. Kf3 Ke5 39. Ba2 Bb2 40. Ke3 Bc1+ 41. Kd3 Kf4 42. Kc2 Bb2 43. Kd3 Kg3 44. Ke4 Kxh3 45. Kf3 Kh4 46. Kf4 Be5+ 47. Kf3 Kg5 48. Bb1 f5 49. Ba2 Kf6 50. Bb1 Ke7 51. Ke3 f4+ 52. Kd3 Kd8 53. Kc2 f3 54. Kb3 f2 0-1

[Event "Landesliga Sued 1617"]
[Site "Bayern"]
[Date "2017.01.15"]
[Round "4.8"]
[White "Pieper, Thomas"]
[Black "Neuwerth, Chulian"]
[Result "1-0"]
[WhiteElo "2176"]
[BlackElo "1845"]
[PlyCount "39"]
[EventDate "2016.10.16"]
[EventType "team-tourn"]
[EventRounds "9"]
[EventCountry "GER"]
[SourceTitle "EXT 2019"]
[Source "ChessBase"]
[SourceDate "2018.10.10"]
[SourceVersion "1"]
[SourceVersionDate "2018.10.10"]
[SourceQuality "1"]
[WhiteTeam "Groebenzell"]
[BlackTeam "Roehrnbach"]
[WhiteTeamCountry "GER"]
[BlackTeamCountry "GER"]

1. e4 d6 2. d4 Nf6 3. Nc3 Nbd7 4. Nf3 c6 5. e5 dxe5 6. dxe5 Nd5 7. Nxd5 cxd5 8. Qxd5 e6 9. Qe4 Bc5 10. Bd3 Qb6 11. 0-0 Nf8 12. Qg4 Ng6 13. h4 Bd7 14. h5 Ne7 15. a3 a5 16. Bd2 a4 17. Bb4 g6 18. h6 Nf5 19. Qf4 0-0-0 20. Qc4 1-0

[Event "Niederbayern-ch"]
[Site "Roehrnbach"]
[Date "2014.04.25"]
[Round "3"]
[White "Wilhelm, Walter"]
[Black "Neuwerth, Chulian"]
[Result "0-1"]
[WhiteElo "1597"]
[BlackElo "1441"]
[PlyCount "84"]
[EventDate "2014.04.24"]
[EventType "swiss"]
[EventRounds "7"]
[EventCountry "GER"]
[SourceTitle "EXT 2023"]
[Source "ChessBase"]
[SourceDate "2022.10.05"]
[SourceVersion "1"]
[SourceVersionDate "2022.10.05"]
[SourceQuality "1"]

1. c4 c6 2. Nc3 d5 3. cxd5 cxd5 4. Nf3 Nc6 5. d4 Nf6 6. a3 g6 7. Bf4 Qb6 8. b4 Bg4 9. e3 Bg7 10. h3 Bxf3 11. Qxf3 e6 12. Na4 Qd8 13. Nc5 Qb6 14. g4 Nxb4 15. Qd1 Nc6 16. Qd2 Bf8 17. Bg5 Nd7 18. Nxd7 Kxd7 19. Bd3 Qa5 20. Qxa5 Nxa5 21. 0-0 a6 22. e4 Rc8 23. Ra2 Rc3 24. Bc2 Rxa3 25. Rxa3 Bxa3 26. Ra1 Nc4 27. Ba4+ Kc8 28. exd5 exd5 29. Bb3 Bd6 30. Re1 Kd7 31. Ra1 Ra8 32. Ba4+ Kc7 33. Re1 b5 34. Bd1 Kd7 35. Bf3 Nb6 36. h4 a5 37. Be2 Kc6 38. Bd3 a4 39. Rb1 Nc4 40. f4 a3 41. h5 a2 42. Ra1 Bb4 0-1

[Event "Niederbayern-ch"]
[Site "Untergriesbach"]
[Date "2013.04.05"]
[Round "4"]
[White "Neuwerth, Chulian"]
[Black "Lichtmannecker, Hans Juergen"]
[Result "1/2-1/2"]
[WhiteElo "1358"]
[BlackElo "1653"]
[PlyCount "75"]
[EventDate "2013.04.04"]
[EventType "swiss"]
[EventRounds "7"]
[EventCountry "GER"]
[SourceTitle "EXT 2023"]
[Source "ChessBase"]
[SourceDate "2022.10.05"]
[SourceVersion "1"]
[SourceVersionDate "2022.10.05"]
[SourceQuality "1"]

1. e4 c5 2. d4 Qc7 3. Nf3 cxd4 4. c3 e6 5. cxd4 Nf6 6. e5 Nd5 7. Bd2 Nc6 8. Nc3 Nxc3 9. Bxc3 d5 10. Bd3 h6 11. 0-0 Qb6 12. a3 Bd7 13. b4 Rc8 14. Rc1 a6 15. Bb2 Be7 16. Bb1 Qd8 17. Qd2 Bg5 18. Nxg5 hxg5 19. f4 g4 20. f5 Qh4 21. g3 Qh5 22. f6 g5 23. Rc3 Kd8 24. Re3 Kc7 25. Re2 Kb8 26. Rc1 Na7 27. Ree1 Bb5 28. Rxc8+ Kxc8 29. Rc1+ Kb8 30. Qf2 Nc6 31. Rd1 Ba4 32. Bc2 Bxc2 33. Qxc2 Rc8 34. Qd2 Rh8 35. Rc1 Qg6 36. Qc2 Qxc2 37. Rxc2 Ka7 38. Rc5 1/2-1/2

[Event "Niederbayern-ch"]
[Site "Untergriesbach"]
[Date "2013.04.04"]
[Round "2"]
[White "Theiss, Johann"]
[Black "Neuwerth, Chulian"]
[Result "1-0"]
[WhiteElo "1999"]
[BlackElo "1358"]
[PlyCount "39"]
[EventDate "2013.04.04"]
[EventType "swiss"]
[EventRounds "7"]
[EventCountry "GER"]
[SourceTitle "EXT 2023"]
[Source "ChessBase"]
[SourceDate "2022.10.05"]
[SourceVersion "1"]
[SourceVersionDate "2022.10.05"]
[SourceQuality "1"]

1. d4 Nf6 2. c4 c5 3. d5 d6 4. Nc3 e6 5. Nf3 exd5 6. cxd5 g6 7. Nd2 Bg7 8. e4 0-0 9. Be2 Nbd7 10. 0-0 a6 11. a4 Re8 12. Qc2 Ne5 13. a5 Bg4 14. f3 Bd7 15. f4 Neg4 16. Nf3 Nxe4 17. Nxe4 Bf5 18. Bd3 Bxe4 19. Bxe4 Bxb2 20. Bxb2 1-0